Регионална библиотека "Любен Каравелов" - Русе

Латинская грамматика с примерами и упражнениями, латинской хрестоматией и словарями латинско-русским и русско-латинским (Запис номер 407889)

MARC детайли
000 -Лидер
Контролно поле с фиксирана дължина nam a22 a 4500
003 - Код на организацията, давaща контролен номер
Контролно поле BLK
005 - Дата и час на последна редакция
Контролно поле 20221208031045.0
008 - Елементи от данни с фиксирана дължина
fixed length control field 180911b bul|||||r ||||||| ||bul||
040 ## - Източник на каталожния запис
Идентификатор на билиотеката - собственик на записа BLK
041 ## - Код за език
Код за езика на текст/звукозапис или на отделно заглавие Руски
-- Латински
Код за езика КДБФ Руски
080 ## - УДК
Текстов определител УДК Латински език
УДК код - определител по УДК 811.124
УДК определител `36
УДК - код + определител 811.124`36
100 ## - Редна дума - Автор
Автор Кюнер, Рафаэль
Авторска отговорност първи автор
R(LIN) 448054
139 ## - Редно поле
Редна дума Кюнер, Рафаэль и др.
245 00 - Сведения за заглавието
Заглавие Латинская грамматика с примерами и упражнениями, латинской хрестоматией и словарями латинско-русским и русско-латинским
Редно поле (дума) Състав. на чеш. от И. Коринек ; Прев. Иван Брожка
Подзаглавни данни Сост. по Р. Кюнеру, Я. Кремер.
Том Ч. 1.
Заглавие на том Этимология
250 ## - Област на изданието
Сведения за изданието 6. доп. изд.
260 ## - Област на издателските данни
Място на издаване, разпространение и проч. Москва
Име на издателя, разпространителя и проч. Бр. Салаевы
Година на издаване 1879 -
9 (RLIN) 435360
300 ## - Физическа характеристика
Размери/Мащаб 23 см
380 ## - Жанр
Жанр Езикознание. Филология
490 ## - СЕРИИ (Колекции)
Име на серия Колекция Редки и ценни издания
9 (RLIN) 435080
650 #0 - Допълнително описание по предмет – тема
Основно описание – тема или топоним Латински език - граматика
9 (RLIN) 293286
653 #7 - Ключова дума – ненормативна
9 (RLIN) 186475
Ключова дума етимология
655 ## - Ключова дума – жанр/разновидност
Данни за жанр/разновидност или ключова дума за фокус Езикознание
700 ## - Други автори (авторска отговорност)
Лично име Кремер, Яков Иванович
Автороска отговорност (Описва отношението между автора и произведението) съавт.
9 (RLIN) 1445
760 ## - Описание на основната серия
Редна дума на основното описание Кюнер, Рафаэль
Място на издаване, издател и година Москва, 1879
Страници - том 358 с.
Забележка - том подв. кн. без заглавие и изд. данни
Част - том Ч. 1
Заглавие Этимология
852 ## - Местоположение
Форматна сигнатура Рр 879
Фондова буква Редки и ценни
999 ## - СИСТЕМНИ КОНТРОЛНИ НОМЕРА
Koha biblionumber 407889
Koha biblioitemnumber 407889
942 ## - АРТИКУЛИ
Вид на библиотечния материал Книги
Скрит в OPAC Не
Периодичен библиозапис Да
944 ## - СЪЗДАВАНЕ И РЕДАКЦИЯ на ЗАПИСА
Създаване/Редакция Създаване
Дата на регистрацията/редакция 2021-04-13
Служител, извършил регистрацията/редакцията ГГГ
Наличности
Код за отписване Код за изгубен артикул Източник на класификационната схема Код за повреда Коз за рестрикции Код за отдаване Артикулен № Име на библиотеката - собственик Име на библиотеката, в която се намира в момента Статус (Текущо местоположение) Дата на вписване в системата Местоположение - отдел Цена в лева Инвентарен номер Систематично азбучна сигнатура Баркод Цена в евро Служебен тип на артикула
  Не е изгубен Universal Decimal Classification Не е повреден само за читалня Специални фондове ( старопечатни, редки и ценни, фонд М. Арнаудов) 855689 Регионална библиотека "Любен Каравелов" Русе Регионална библиотека "Любен Каравелов" Русе Редки и ценни 2021-09-27 Редки и ценни 14.00 11896 Рр 879 900000052264 7.16 Книги
Vip Innovations Ltd, Rousse, Bulgaria 2025